Progressively Smaller Movies III Quiz Stats

 Plays Quiz Updated Jan 21, 2020

Support Sporcle.
Go Orange.
Score 0/20 Timer 05:00
0 Plays Today
% Correct
Deadpool
94.7%
Batman
90.2%
I, Robot
84.5%
The Mummy
79.8%
Singin' in the Rain
73.9%
The Princess Bride
71.2%
Inglourious Basterds
69.9%
Philadelphia
68%
Ocean's Eleven
67.5%
Memento
65.2%
% Correct
2001: A Space Odyssey
64.9%
Jingle All the Way
59.4%
Cabaret
58.5%
Raiders of the Lost Ark
57.7%
Spirited Away
56.7%
BlacKkKlansman
55.4%
The Prince of Egypt
53%
Moonstruck
48.6%
Dog Day Afternoon
38.9%
Doubt
36.3%

You're not logged in!

Compare scores with friends on all Sporcle quizzes.
OR
Log In

From the Vault

1960s Surnames

by MSUKent

When you think 1960s, you probably don't think baby George Clooney. But now you will.
Remove Ads.
Support Sporcle.
Get the best of Sporcle when you Go Orange. This ad-free experience offers more features, more stats, and more fun while also helping to support Sporcle. Thank you for becoming a member.

Show Comments

Extras

Top Quizzes Today


Score Distribution

Your Account Isn't Verified!

In order to create a playlist on Sporcle, you need to verify the email address you used during registration. Go to your Sporcle Settings to finish the process.

Report this User

Report this user for behavior that violates our Community Guidelines.

Details: